| 000 | 00338 a2200109 4500 | ||
|---|---|---|---|
| 001 | ART_10891 | ||
| 005 | 20260410161849.0 | ||
| 008 | 260409a | ||
| 245 | 1 | 0 | _aCrecimiento, empleo y las estrategias del sector externo |
| 100 | 1 | _aMontuschi, Luisa | |
| 773 | 0 |
_tEconómica _g- Año XXVI, Nº 3 (sep./dic. 1980) _wREV7541 |
|
| 999 |
_c24803 _d24803 |
||